Score 0/12 Timer 01:00
6 Plays Today
% Correct
Skittles
89.3%
M&M's
81.2%
Starburst
78.7%
Twix
76.9%
Butterfinger
76%
100 Grand
71.2%
Mentos
70.3%
York Peppermint Patty
58.6%
3 Musketeers
51.2%
Smarties
40%
Twizzlers
34.1%
Nestlé Crunch
22.3%

Today's Daily Dose

Remove Ads.
Support Sporcle.
Get the best of Sporcle when you Go Orange. This ad-free experience offers more features, more stats, and more fun while also helping to support Sporcle. Thank you for becoming a member.

You're not logged in!

Compare scores with friends on all Sporcle quizzes.
OR
Log In

Show Comments

Extras

Top Quizzes Today


Score Distribution

Your Account Isn't Verified!

In order to create a playlist on Sporcle, you need to verify the email address you used during registration. Go to your Sporcle Settings to finish the process.

Report this User

Report this user for behavior that violates our Community Guidelines.

Details: